000 00696cab a2200253 4500
001 WB3430-34
008 090401t1998 xxu||||| |||| 00| 0 eng d
035 _a(Sirsi) u87878
041 _aeng
245 _aCasino adverts
260 _c1998
350 _a0
490 _aTimes
_v6 August 1998, 4
490 _aGuardian
_v6 August 1998, 4(1)
520 _aGovernment is to allow casinos to advertise in national newspapers in an attempt to ease restrictions on the gaming industry.
650 _aADVERTISING
650 _aCASINO
650 _aGAMBLING
650 _aGAMING BOARD
650 _aGAMING LAWS
690 _aLEISURE AND RECREATION
942 _n0
948 _c06/08/1998
999 _c55465
_d55465